Papa's Pastaria Ingredients - Statistics

General Stats
  • This quiz has been taken 13 times
  • The average score is 24 of 94
Answer Stats
Hint Answer % Correct
Pasta Penne
100%
Pasta Spaghetti
100%
Pasta Macaroni
86%
Pasta Bowtie
71%
Topping Meatballs
71%
Pasta Ravioli
71%
Topping Chicken
57%
Pasta Fettuccine
57%
Pasta Gnocchi
57%
Topping Mushrooms
57%
Topping Sausage
57%
Bread Cheesy Bread
43%
Bread Garlic Breadstick
43%
Topping Onions
43%
Sauce Papa's Marinara Sauce
43%
Shaker Parmesan Cheese
43%
Topping Shrimp
43%
Topping Tomatoes
43%
Shaker Black Pepper
29%
Shaker (Starlight Jubilee) Blue Cheese
29%
Shaker (ChiliFest) Cheddar Cheese
29%
Topping Clams
29%
Sauce Creamy Alfredo Sauce
29%
Bread Crescent Roll
29%
Shaker Crushida Pepper
29%
Bread Focaccia
29%
Topping Fried Calamari
29%
Sauce Garlic Basil
29%
Topping Green Peppers
29%
Shaker (St. Paddy's Day) Lucky Dust
29%
Bread Pepperoni Bread
29%
Topping (Romano Wedding) Pickled Eggs
29%
Bread Poppyseed Roll
29%
Topping Prosciutto
29%
Pasta Radiatori
29%
Pasta (Summer Luau) Shells
29%
Topping (Neptune's Feast) Anchovies
14%
Topping (Christmas) Basil Leaves
14%
Sauce Beefy Bolognese
14%
Shaker (Neptune's Feast) Bottarga
14%
Shaker (Romano Wedding) Bouquet Blend
14%
Topping (St. Paddy's Day) Broccoli
14%
Shaker Burgundy Truffle
14%
Sauce (Romano Wedding) Cathedral Carbonara
14%
Shaker (Halloween) Cauldron Powder
14%
Pasta (ChiliFest) Cellentani
14%
Topping (New Year) Cheese Cubes
14%
Topping (Valentine's Day) Cherry Tomatoes
14%
Topping (ChiliFest) Chili Pepper
14%
Pasta (St. Paddy's Day) Cloveroni
14%
Pasta (Neptune's Feast) Crab Mezzelune
14%
Shaker (Neptune's Feast) Creole Rub
14%
Shaker (Mardi Gras) Creole Rub
14%
Shaker (Thanksgiving) Crushed Croutons
14%
Pasta (Christmas) Festive Rotini
14%
Pasta (Romano Wedding) Fiori Risoni
14%
Topping (Gondola 500) Fried Ravioli
14%
Shaker (Gondola 500) Garlic Rush
14%
Topping (Mardi Gras) Gator Bites
14%
Topping (Summer Luau) Glazed Ham
14%
Shaker Grated Mozzarella
14%
Topping Grilled Polenta
14%
Pasta (Thanksgiving) Harvest Tortellini
14%
Sauce (Valentine's Day) Heartbeet Arrabbiata
14%
Sauce (Gondola 500) Hurry Curry
14%
Shaker Italian Seasoning
14%
Pasta (Mardi Gras) Jambalaya Rice
14%
Shaker (Summer Luau) Lemon Herb
14%
Pasta (Lunar New Year) Longevity Noodle
14%
Pasta (Gondola 500) Mafaldine
14%
Sauce (New Year) Midnight Marsala
14%
Topping (Halloween) Mussels
14%
Sauce (Summer Luau) Pineapple Pancetta
14%
Topping (Lunar New Year) Potstickers
14%
Topping (Starlight Jubilee) Provolone Stars
14%
Sauce (Thanksgiving) Pumpkin Pomodoro
14%
Sauce (Halloween) Purple Pesto
14%
Pasta (New Year) Rainbow Gramigna
14%
Shaker (New Year) Rainbow Peppercorn
14%
Sauce (ChiliFest) Rico's Chili
14%
Sauce (Christmas) Roasted Romana
14%
Topping (Thanksgiving) Roasted Turkey
14%
Sauce (Starlight Jubilee) Rocket Ragu
14%
Shaker (Lunar New Year) Sesame Seeds
14%
Shaker (Valentine's Day) Spiced Saffron
14%
Pasta (Starlight Jubilee) Stellini
14%
Sauce Three Cheese Sauce
14%
Pasta (Valentine's Day) Valentini
14%
Sauce (Neptune's Feast) Venetian Vongole
14%
Pasta (Halloween) Vermicelli
14%
Sauce (Lunar New Year) XO Sauce
14%
Shaker (Christmas) Yule Spice
14%
Sauce (St. Paddy's Day) Zesty Pesto
14%
Sauce (Mardi Gras) Zydeco Gumbo
14%
No matching quizzes found
Score Distribution
Percent of People with Each Score
Percentile by Number Answered
Your Score History
You have not taken this quiz